000 00549nam a2200169 i 4500
001 70117
003 ES-MaACL
005 20230906170726.0
007 t|
008 040719s1971 sp ||||1| spa d
100 1 _aGarcía Oro, José.
_955059
245 1 0 _aCisneros y la reforma del clero español en tiempos de los Reyes Católicos /
_cJosé García Oro.
260 _aMadrid :
_b[Biblioteca Reyes Católicos],
_c1971.
300 _aXIV, 446 p. ;
_c25 cm.
710 2 _aBiblioteca Reyes Católicos.
_92209
852 _aES-MaACL
_jC-37442
_bR.78975
999 _c70117
_d70117